000 00440nam a22001697a 4500
003 IT-RoPau
005 20220918175941.0
008 130211b xxu||||| |||| 00| 0 eng d
040 _cIT-RoPau
100 _aFamilia Paulina
_9415
245 _aO Cooperador Paulino 2005 Brasile
250 _a1° ed.
260 _aBrazil
_bPia Sociedade de Sao Paulo
_c2005
300 _a35 p.
_c27 cm
500 _aJaneiro-Abril 2005.
942 _2ddc
_cCR
999 _c38060
_d38060